000 00513nam a22001937a 4500
005 20240813101800.0
010 _aENG-129714
020 _c320.00
_a9788194476443
035 _aEN-113246
037 _bDBAD/PUB
082 _a488.24
100 _aGupta, Nikhil
_969883
245 _aBlack Book Of English Vocabulary/
_cBy Nikhil Gupta
250 _a2021
260 _bGupta EduTech
_c2021
270 _msupport@qmaths.in
300 _a496 p.
_c24cm (pbk)
942 _2ddc
_cEN
_h488.24
_kGUP
999 _c180484
_d180484